Tilastot visalle sanat - "Äärirajoille II" - Sexmane

Klikkaa tästä pelataksesi tätä visaa!

Yleistilastot

  • Tätä visaa on pelattu 25 kertaa
  • Keskiarvotulos 142 / 249

Vastaustilastot

Vastaus% Oikein
ku
100%
et
93%
jo
93%
ja
87%
mun
87%
87%
en
80%
niin
80%
oon
80%
tää
80%
kauan
73%
kuvittelen
73%
lennän
73%
luottaa
73%
73%
se
73%
silmät
73%
suljen
73%
täytyy
73%
vaa
73%
äläkä
67%
antaa
67%
diktaattori
67%
enää
67%
haluatko
67%
joku
67%
jos
67%
lavalla
67%
lopeta
67%
mennä
67%
mut
67%
niinku
67%
ois
67%
on
67%
pohjois-korea
67%
tahdot
67%
tie
67%
tiedä
67%
vaan
67%
vaikka
67%
elää
60%
hypi
60%
kaiken
60%
kun
60%
metsää
60%
mitä
60%
nähny
60%
sen
60%
sexmane
60%
siit
60%
vittu
60%
cheek
53%
ei
53%
kaupunkei
53%
kestää
53%
ne
53%
nyt
53%
oot
53%
ammatti
47%
biisi
47%
dominointii
47%
hei
47%
huolta
47%
loppuu
47%
mikä
47%
no
47%
olla
47%
päättyyvi
47%
pitää
47%
piti
47%
sexshowst
47%
sun
47%
tämä
47%
tehään
47%
toi
47%
vakava
47%
videoita
47%
alkaa
40%
alotan
40%
annanki
40%
epäreilua
40%
g
40%
hakee
40%
jengist
40%
joka
40%
käyn
40%
kokea
40%
laulaa
40%
lopetan
40%
mikkii
40%
mul
40%
nostan
40%
pääl
40%
paikan
40%
pankist
40%
penkist
40%
pidän
40%
pysyy
40%
raha
40%
siskost
40%
sontaa
40%
sori
40%
tänki
40%
vasta
40%
veljist
40%
vitun
40%
autotunee
33%
bileet
33%
edessä
33%
elos
33%
ennen
33%
fami
33%
fanei
33%
fiilis
33%
go
33%
god
33%
ilkee
33%
kannatti
33%
kannattiko
33%
keikka
33%
kiinnosta
33%
konkkaa
33%
kysyt
33%
max
33%
menos
33%
mentality
33%
mua
33%
olinks
33%
out
33%
pelastaa
33%
sene
33%
sold
33%
takana
33%
tiimi
33%
vittuukaa
33%
bägin
27%
c'moon
27%
eka
27%
enkä
27%
jälkee
27%
jeah
27%
klubi
27%
nigga
27%
saunoo
27%
sompaa
27%
tai
27%
toka
27%
voidaa
27%
haa a
20%
haluu
20%
negaa
20%
sotaa
20%
herjamassii
13%
jep
13%

Tulosjakauma

Persentiili vastausten määrän mukaan

Jokaisen tuloksen saaneiden osuus

Tuloshistoriasi

Et ole pelannut tätä visaa